Tottenham Hotspur XIs from 2003-04 to 2019-20 Quiz Stats

 Plays Quiz not verified by Sporcle

Support Sporcle.
Go Orange.
Score 0/204 Timer 20:00
0 Plays Today
% Correct
Hugo Lloris
98.4%
Hugo Lloris
98.3%
Hugo Lloris
98.3%
Hugo Lloris
98.3%
Hugo Lloris
98.2%
Hugo Lloris
98.2%
Hugo Lloris
98.2%
Harry Kane
98.2%
Harry Kane
98.2%
Harry Kane
98.2%
Harry Kane
98.1%
Hugo Lloris
98.1%
Harry Kane
98.1%
Harry Kane
97.8%
Son Heung-Min
96.4%
Son Heung-Min
96.2%
Jan Vertonghen
95.9%
Son Heung-Min
95.4%
Jan Vertonghen
95.3%
Jan Vertonghen
95.3%
Toby Alderweireld
94.6%
Jan Vertonghen
94.5%
Jan Vertonghen
94.5%
Jan Vertonghen
94.5%
Dele Alli
94.5%
Dele Alli
94.2%
Dele Alli
94.1%
Dele Alli
94.1%
Toby Alderweireld
94%
José Mourinho
93.9%
Danny Rose
93.7%
Danny Rose
93.6%
Danny Rose
93.6%
Toby Alderweireld
93.2%
Danny Rose
93%
Danny Rose
93%
Kyle Walker
93%
Toby Alderweireld
93%
Toby Alderweireld
92.9%
Kyle Walker
92.9%
Kyle Walker
92.8%
Kyle Walker
92.8%
Kyle Walker
92.8%
Kyle Walker
92.8%
Delle Alli
92.5%
Mauricio Pochettino
92.4%
Christian Eriksen
92.4%
Christian Eriksen
92.3%
Christian Eriksen
92.1%
Christian Eriksen
92%
Danny Rose
91.7%
Christian Eriksen
91.6%
Christian Eriksen
91.6%
Mauricio Pochettino
91.3%
Gareth Bale
91.1%
Gareth Bale
91.1%
Gareth Bale
91.1%
Mauricio Pochettino
91%
Mauricio Pochettino
90.9%
Mauricio Pochettino
90.3%
Jermain Defoe
88.6%
Jermain Defoe
88.6%
Jermain Defoe
88.6%
Jermain Defoe
88.6%
Davinson Sanchez
88.5%
Eric Dier
88.4%
Eric Dier
88.4%
Eric Dier
88.1%
% Correct
Moussa Sissoko
87.6%
Lucas Moura
87.5%
Moussa Sissoko
87.1%
Moussa Dembélé
86.2%
Moussa Dembélé
86.1%
Eric Dier
86%
Moussa Dembélé
85.1%
Moussa Dembélé
85.1%
Kieran Trippier
85.1%
Moussa Dembélé
84.8%
Serge Aurier
84.5%
Davinson Sanchez
84.3%
Erik Lamela
84%
Erik Lamela
83.9%
Ben Davies
83.8%
Harry Winks
83.4%
Harry Winks
83.1%
Luka Modric
82.8%
Luka Modric
82.8%
Luka Modric
82.8%
Luka Modric
82.8%
Ledley King
81.7%
Ledley King
81.7%
Ledley King
81.7%
Ledley King
81.7%
Ledley King
81.7%
Harry Redknapp
81.7%
Ledley King
81.7%
Harry Redknapp
81.7%
Harry Redknapp
81.7%
Ledley King
81.7%
Harry Redknapp
81.7%
Robbie Keane
81.1%
Robbie Keane
81.1%
Robbie Keane
81.1%
Robbie Keane
81.1%
Robbie Keane
81.1%
Heurelho Gomes
77.5%
Heurelho Gomes
77.5%
Heurelho Gomes
77.5%
Peter Crouch
77.4%
Aaron Lennon
77.3%
Aaron Lennon
77.3%
Aaron Lennon
77.3%
Aaron Lennon
77.3%
Aaron Lennon
77.3%
Aaron Lennon
77.3%
Aaron Lennon
77.3%
Aaron Lennon
77.3%
Paul Robinson
75.6%
Paul Robinson
75.6%
Paul Robinson
75.6%
Paul Robinson
75.6%
Emmanuel Adebayor
75.5%
Emmanuel Adebayor
75.5%
Simon Davies
75.5%
Michael Dawson
74.8%
Michael Dawson
74.8%
Michael Dawson
74.8%
Michael Dawson
74.8%
Michael Dawson
74.8%
Michael Dawson
74.8%
Michael Dawson
74.8%
Serge Aurier
73.3%
Darren Bent
72%
Brad Friedel
71.1%
Dimitar Berbatov
71%
Dimitar Berbatov
71%
% Correct
André Villas-Boãs
70.6%
Rafael Van Der Vaart
70.3%
Rafael Van Der Vaart
70.3%
Victor Wanyama
69.9%
Benoît Assou-Ekotto
68.8%
Benoît Assou-Ekotto
68.8%
Benoît Assou-Ekotto
68.8%
Benoît Assou-Ekotto
68.8%
Benoît Assou-Ekotto
68.8%
Stephen Carr
68.3%
Roberto Soldado
65%
Tim Sherwood
64%
Jermaine Jenas
63.7%
Jermaine Jenas
63.7%
Jermaine Jenas
63.7%
Jermaine Jenas
63.7%
Tom Huddlestone
59.9%
Tom Huddlestone
59.9%
Martin Jol
58%
Martin Jol
58%
Martin Jol
58%
Michael Carrick
57.8%
Michael Carrick
57.8%
Younès Kaboul
57.6%
Younès Kaboul
57.6%
Nacer Chadli
56.9%
Scott Parker
55.7%
Juande Ramos
54.5%
William Gallas
54.3%
Paulinho
53.2%
Vedran Corluka
51%
Vedran Corluka
51%
Ryan Mason
50.1%
Nabil Bentaleb
47.2%
Sandro
45.6%
Clint Dempsey
44.1%
Jonathan Woodgate
44%
Kasey Keller
42.7%
Frédéric Kanouté
41.7%
Frédéric Kanouté
41.7%
Lee Young-Pyo
41.2%
Lee Young-Pyo
41.2%
Lee Young-Pyo
41.2%
Pascal Chimbonda
40.1%
Pascal Chimbonda
40.1%
Darren Anderton
40%
Alan Hutton
39.9%
Edgar Davids
38.4%
Ahmed Hossam Mido
38.3%
Didier Zokora
37.6%
Didier Zokora
37.6%
Didier Zokora
37.6%
Glenn Hoddle
36.8%
Teemu Tainio
34.5%
Teemu Tainio
34.5%
Wilson Palacios
34%
Steed Malbranque
33.7%
Paul Stalteri
30.8%
Erik Edman
30.6%
Dean Richards
30.1%
Michael Brown
29.2%
Michael Brown
29.2%
Nourreddine Naybet
27.8%
Pedro Mendes
27.4%
Anthony Gardner
27.3%
Mauricio Taricco
25.9%
Noé Pamarot
21.8%
Andy Reid
21.2%

You're not logged in!

Compare scores with friends on all Sporcle quizzes.
OR
Log In

From the Vault

Movies Directed by Women

by Larryholmes79

You could say these films have a woman's touch.
Remove Ads.
Support Sporcle.
Get the best of Sporcle when you Go Orange. This ad-free experience offers more features, more stats, and more fun while also helping to support Sporcle. Thank you for becoming a member.

Show Comments

Extras

Top Quizzes Today


Score Distribution

Your Account Isn't Verified!

In order to create a playlist on Sporcle, you need to verify the email address you used during registration. Go to your Sporcle Settings to finish the process.

Report this User

Report this user for behavior that violates our Community Guidelines.

Details: